000 nam a22 7a 4500
999 _c126623
_d126623
008 170810b xxu||||| |||| 00| 0 eng d
050 _aDT30.5.A258
245 _aAfrica at the Crossroads
_bTheorising Fundamentalisms in the 21st Century
_cEdited by Artwell Nhemachena and Munyaradzi Mawere
260 _aCameroon
_bLangaa Research and Publishing
_c2017
300 _ax, 318p. ;
_c23cm.
650 _aAfrica
_y21st Century
_934691
650 _aAfrica
_xForecasting
_934692
942 _2lcc
_cMONOGRAPH